[Event "St Petersburg Blitz GP"]
[Site "St Petersburg"]
[Date "2024.08.23"]
[Round "8"]
[White "Bazeev, German"]
[Black "Orlov, Oleg"]
[Result "1-0"]
[WhiteElo "2343"]
[BlackElo "2254"]
[PlyCount "111"]
[EventDate "2024.08.23"]
[EventType "swiss (blitz)"]
[EventRounds "11"]
[EventCountry "RUS"]
[SourceTitle "EXT 2025"]
[Source "ChessBase"]
[SourceDate "2024.10.14"]
[SourceVersion "1"]
[SourceVersionDate "2024.10.14"]
[SourceQuality "1"]

1. d4 Nf6 2. Bg5 c5 3. Bxf6 exf6 4. Nf3 cxd4 5. Nxd4 Nc6 6. c3 d5 7. e3 Qb6 8. Qb3 Bc5 9. Nd2 0-0 10. Qxb6 Bxb6 11. N2b3 Re8 12. Rd1 a6 13. Be2 Ne5 14. 0-0 Bd7 15. Nc2 Be6 16. Rd2 Nc4 17. Bxc4 dxc4 18. Nbd4 Bd5 19. f3 g6 20. Rfd1 f5 21. Nxf5 Bxf3 22. gxf3 gxf5 23. Re2 f4 24. Rd7 Rab8 25. Kg2 fxe3 26. f4 Rbd8 27. Rxd8 Rxd8 28. Kf3 Rd1 29. Na3 Bc7 30. Nxc4 Rf1+ 31. Kxe3 Rxf4 32. Nd2 Rh4 33. Nf3 Ra4 34. b3 Ra5 35. c4 Rf5 36. Kf2 Bb6+ 37. Kg2 Kf8 38. Rd2 Ke8 39. Re2+ Kf8 40. b4 Rf4 41. c5 Bd8 42. a3 Bf6 43. Rd2 Ke8 44. Kg3 Rc4 45. Rd6 Bd8 46. Rd3 a5 47. Nd2 Bc7+ 48. Kf3 Rf4+ 49. Ke3 axb4 50. axb4 Rxb4 51. Ne4 Bxh2 52. Nf6+ Kf8 53. Nxh7+ Kg7 54. Rd7 Kxh7 55. Rxf7+ Kg6 56. Rf3 1-0

[Event "FIDE World Bl Team Pool D"]
[Site "Almaty"]
[Date "2024.08.05"]
[Round "4.4"]
[White "Erdogmus, Yagiz Kaan"]
[Black "Orlov, Oleg"]
[Result "0-1"]
[WhiteElo "2599"]
[BlackElo "2254"]
[PlyCount "66"]
[EventDate "2024.08.05"]
[EventType "team (blitz)"]
[EventRounds "7"]
[EventCountry "KAZ"]
[SourceTitle "CBM 221 Extra"]
[Source "ChessBase"]
[SourceDate "2024.09.30"]
[SourceVersion "1"]
[SourceVersionDate "2024.09.30"]
[SourceQuality "1"]
[WhiteTeam "Chessy"]
[BlackTeam "World Champ Higher School"]
[WhiteTeamCountry "FRA"]

1. Nf3 d5 2. b3 Bf5 3. Bb2 e6 4. g3 h6 5. Bg2 c5 6. c4 d4 7. Nh4 Nc6 8. Nxf5 exf5 9. e3 Nf6 10. Bxc6+ bxc6 11. Qf3 Qd7 12. 0-0 0-0-0 13. Na3 Ne4 14. Rad1 g5 15. exd4 cxd4 16. Nc2 g4 17. Qg2 Bg7 18. h4 gxh3 19. Qxh3 h5 20. d3 Ng5 21. Qg2 h4 22. Nb4 Kb7 23. Rfe1 Bf6 24. Bc1 hxg3 25. Bxg5 Bxg5 26. fxg3 Be3+ 27. Kf1 f4 28. Nc2 Rdg8 29. Nxe3 dxe3 30. Qe4 Rh2 31. Re2 Qh3+ 32. Kg1 Rxe2 33. Qe7+ Kc8 0-1

[Event "FIDE World Bl Team Pool D"]
[Site "Almaty"]
[Date "2024.08.05"]
[Round "7.10"]
[White "Orlov, Oleg"]
[Black "Moiseenko, Alexander"]
[Result "0-1"]
[WhiteElo "2254"]
[BlackElo "2562"]
[PlyCount "118"]
[EventDate "2024.08.05"]
[EventType "team (blitz)"]
[EventRounds "7"]
[EventCountry "KAZ"]
[SourceTitle "CBM 221 Extra"]
[Source "ChessBase"]
[SourceDate "2024.09.30"]
[SourceVersion "1"]
[SourceVersionDate "2024.09.30"]
[SourceQuality "1"]
[WhiteTeam "World Champ Higher School"]
[BlackTeam "Ashdod"]
[BlackTeamCountry "ISR"]

1. e4 c5 2. Nf3 Nc6 3. Bb5 d6 4. Bxc6+ bxc6 5. 0-0 e5 6. Re1 Nf6 7. c3 Bg4 8. d4 cxd4 9. cxd4 exd4 10. Qa4 Bxf3 11. Qxc6+ Nd7 12. gxf3 Be7 13. Nd2 0-0 14. f4 Nb6 15. Nf3 Rc8 16. Qb7 Rc7 17. Qa6 Bf6 18. Bd2 Qd7 19. Qd3 Na4 20. Rab1 Nc5 21. Qf1 Re8 22. e5 dxe5 23. fxe5 Be7 24. Kh1 Qd5 25. Qg2 Nd3 26. Rg1 Bf8 27. Bh6 g6 28. Bxf8 Rxf8 29. Rbd1 Qe4 30. Rd2 Rfc8 31. Ne1 Qxg2+ 32. Kxg2 Nxe5 33. Rxd4 Rc1 34. Re4 Nd7 35. Nd3 R1c2 36. Re7 Nf6 37. Rxa7 Rd8 38. Rd1 Ng4 39. Ra3 Ne3+ 40. Kf3 Nxd1 41. Rb3 Rd2 42. Nc5 Rxf2+ 43. Kg3 Rxb2 44. Rf3 Rxa2 45. Ne4 Ra6 46. h4 Nb2 47. h5 gxh5 48. Nf2 Nc4 49. Kh4 Rg6 50. Rf4 Ne5 51. Kxh5 Rd2 52. Rf5 Re2 53. Kh4 Rh6+ 54. Kg3 Re6 55. Nh3 Ng6 56. Ng5 R2e5 57. Kg4 Rxf5 58. Kxf5 Re5+ 59. Kf6 Rxg5 0-1

[Event "FIDE World Rapid Team"]
[Site "Almaty"]
[Date "2024.08.04"]
[Round "10.4"]
[White "Gein, Dmitriy"]
[Black "Orlov, Oleg"]
[Result "1-0"]
[WhiteElo "1723"]
[BlackElo "2254"]
[PlyCount "71"]
[EventDate "2024.08.02"]
[EventType "team (rapid)"]
[EventRounds "12"]
[EventCountry "KAZ"]
[SourceTitle "CBM 221 Extra"]
[Source "ChessBase"]
[SourceDate "2024.09.30"]
[SourceVersion "1"]
[SourceVersionDate "2024.09.30"]
[SourceQuality "1"]
[WhiteTeam "Chess Ratel"]
[BlackTeam "World Champ Higher School"]
[WhiteTeamCountry "KAZ"]

1. c4 e5 2. Nc3 Nf6 3. Nf3 e4 4. Ng5 c6 5. Ngxe4 Nxe4 6. Nxe4 d5 7. cxd5 cxd5 8. Nc3 d4 9. Ne4 f5 10. Ng3 h5 11. h4 Nc6 12. e3 d3 13. a3 Bd6 14. f4 Be7 15. Qb3 Bxh4 16. Kf2 g5 17. Qxd3 Qf6 18. Qc3 Qh6 19. fxg5 Bxg3+ 20. Kxg3 Qxg5+ 21. Kf2 Rg8 22. d4 Be6 23. e4 Qf6 24. d5 Ne5 25. dxe6 fxe4+ 26. Kg1 Nf3+ 27. Kf2 Ne5+ 28. Ke1 Qxe6 29. Rxh5 Nd3+ 30. Bxd3 Qg4 31. Bb5+ Kf7 32. Bc4+ Ke7 33. Rh7+ Kd6 34. Qd4+ Kc6 35. Qd5+ Kb6 36. Qb5# 1-0

[Event "FIDE World Rapid Team"]
[Site "Almaty"]
[Date "2024.08.02"]
[Round "2.22"]
[White "Adhiban, Baskaran"]
[Black "Orlov, Oleg"]
[Result "1-0"]
[WhiteElo "2532"]
[BlackElo "2254"]
[PlyCount "119"]
[EventDate "2024.08.02"]
[EventType "team (rapid)"]
[EventRounds "12"]
[EventCountry "KAZ"]
[SourceTitle "CBM 221 Extra"]
[Source "ChessBase"]
[SourceDate "2024.09.30"]
[SourceVersion "1"]
[SourceVersionDate "2024.09.30"]
[SourceQuality "1"]
[WhiteTeam "MGD1 Team"]
[BlackTeam "World Champ Higher School"]
[WhiteTeamCountry "IND"]

1. b3 d5 2. Bb2 c5 3. e3 Nf6 4. Nf3 a6 5. d4 Nc6 6. dxc5 e6 7. Nbd2 Bxc5 8. a3 0-0 9. c4 a5 10. cxd5 exd5 11. Qc2 Ba7 12. Bd3 d4 13. e4 Re8 14. 0-0 Bg4 15. h3 Bh5 16. Rae1 Rc8 17. Qb1 Bg6 18. e5 Nd5 19. e6 Nf4 20. exf7+ Kxf7 21. Bxg6+ hxg6 22. Rxe8 Qxe8 23. Re1 Qd7 24. Qe4 Qf5 25. Nc4 Kg8 26. Nd6 Qxe4 27. Rxe4 Rf8 28. Nb5 Nxh3+ 29. Kf1 Bc5 30. Nbxd4 Nxd4 31. Bxd4 Bxa3 32. Be3 g5 33. Nd4 Nf4 34. g3 Nd5 35. Bxg5 Bc5 36. Bd2 Nf6 37. Rh4 Rd8 38. Bc3 Nd5 39. Ne6 Rc8 40. Bxg7 Bb4 41. Rh8+ Kf7 42. Rxc8 Kxe6 43. Rb8 b6 44. Bd4 Bd6 45. Rb7 Bc7 46. Rxc7 Nxc7 47. Bxb6 Nb5 48. Bxa5 Nd4 49. b4 Kf5 50. Bb6 Nb5 51. Ke2 Ke4 52. f3+ Kd5 53. Kd3 Nd6 54. g4 Nc4 55. Bd4 Nd6 56. g5 Ke6 57. g6 Nb5 58. g7 Kf7 59. Be5 Na7 60. f4 1-0

[Event "FIDE World Rapid Team"]
[Site "Almaty"]
[Date "2024.08.02"]
[Round "4.16"]
[White "Pakleza, Zbigniew"]
[Black "Orlov, Oleg"]
[Result "1-0"]
[WhiteElo "2483"]
[BlackElo "2254"]
[PlyCount "47"]
[EventDate "2024.08.02"]
[EventType "team (rapid)"]
[EventRounds "12"]
[EventCountry "KAZ"]
[SourceTitle "CBM 221 Extra"]
[Source "ChessBase"]
[SourceDate "2024.09.30"]
[SourceVersion "1"]
[SourceVersionDate "2024.09.30"]
[SourceQuality "1"]
[WhiteTeam "Krakow Q4Rail Kingsofchess"]
[BlackTeam "World Champ Higher School"]
[WhiteTeamCountry "POL"]

1. d4 Nf6 2. Nf3 e6 3. Bf4 c5 4. c3 Be7 5. e3 Nh5 6. Bg3 Nc6 7. Nbd2 d5 8. Bd3 cxd4 9. cxd4 Bd7 10. a3 g6 11. Rc1 0-0 12. b4 Nxg3 13. hxg3 a5 14. b5 Na7 15. a4 Rc8 16. Ke2 Ba3 17. Rxc8 Nxc8 18. Rh6 f6 19. Qh1 Rf7 20. Bxg6 Rg7 21. Rxh7 Rxg6 22. Rh8+ Kf7 23. Rxd8 Nb6 24. Qh5 1-0

[Event "Titled Tuesday intern op 05th Sep Early"]
[Site "Chess.com INT"]
[Date "2023.09.05"]
[Round "9"]
[White "Zenin, Dmitri"]
[Black "Orlov, Oleg"]
[Result "0-1"]
[WhiteElo "2163"]
[BlackElo "2254"]
[PlyCount "152"]
[EventDate "2023.09.05"]
[EventType "swiss (blitz)"]
[EventRounds "11"]
[EventCountry "USA"]
[SourceTitle "EXT 2024"]
[Source "ChessBase"]
[SourceDate "2023.10.10"]
[SourceVersion "1"]
[SourceVersionDate "2023.10.10"]
[SourceQuality "1"]

1. d4 Nf6 2. c4 g6 3. Nc3 Bg7 4. e4 d6 5. Nf3 0-0 6. Be2 e5 7. 0-0 a5 8. dxe5 dxe5 9. Qxd8 Rxd8 10. Bg5 Be6 11. Nd5 Bxd5 12. cxd5 c6 13. Bc4 b5 14. Be2 cxd5 15. Bxf6 Bxf6 16. exd5 Rxd5 17. Rfd1 Rxd1+ 18. Rxd1 b4 19. Nd2 Nc6 20. Ne4 Be7 21. Rd7 Ra7 22. Rd5 Nd4 23. Bc4 Kg7 24. Rxe5 a4 25. Rd5 Nf5 26. g3 b3 27. axb3 axb3 28. Bxb3 Rb7 29. Nd2 Bf6 30. Bc2 Nd4 31. Bd3 Rxb2 32. Ne4 Nf3+ 33. Kf1 Nxh2+ 34. Kg2 Ng4 35. Rd7 Ne5 36. Rd5 Ng4 37. Rd7 Ne5 38. Rd5 Nxd3 39. Rxd3 h5 40. Rd7 Be5 41. Nd6 Bxd6 42. Rxd6 Rb5 43. Rc6 Rf5 44. Rb6 Rf6 45. Rb5 Kh6 46. Rc5 g5 47. Rb5 Kg6 48. Rb4 Rf5 49. Rc4 f6 50. Rb4 g4 51. Ra4 Rc5 52. Rb4 Kg5 53. Ra4 h4 54. gxh4+ Kxh4 55. Rb4 f5 56. Ra4 Kg5 57. Rb4 Rc2 58. Ra4 f4 59. Kg1 f3 60. Ra8 Rc1+ 61. Kh2 Rf1 62. Rg8+ Kf4 63. Rf8+ Ke4 64. Re8+ Kd3 65. Kg3 Rg1+ 66. Kf4 Rg2 67. Re7 Kd2 68. Re8 Rg1 69. Re7 Re1 70. Ra7 Rg1 71. Re7 Re1 72. Ra7 Ke2 73. Ra2+ Kf1 74. Kxg4 Kg2 75. Kf4 Re2 76. Ra8 Kxf2 0-1

[Event "Speed Chess Q2 Sw"]
[Site "Chess.com INT"]
[Date "2023.08.23"]
[Round "9"]
[White "Adewumi, Tanitoluwa"]
[Black "Orlov, Oleg"]
[Result "0-1"]
[WhiteElo "2277"]
[BlackElo "2254"]
[PlyCount "176"]
[EventDate "2023.08.23"]
[EventType "swiss (blitz)"]
[EventRounds "14"]
[EventCountry "USA"]
[SourceTitle "CBM 215 Extra"]
[Source "ChessBase"]
[SourceDate "2023.09.30"]
[SourceVersion "1"]
[SourceVersionDate "2023.09.30"]
[SourceQuality "1"]

1. e4 e5 2. Nf3 Nc6 3. Nc3 Nf6 4. Bb5 Nd4 5. 0-0 Nxb5 6. Nxb5 c6 7. Nc3 d6 8. d4 Qc7 9. h3 h6 10. a4 g5 11. Nh2 Be7 12. Be3 Rg8 13. Ng4 Bxg4 14. hxg4 Qc8 15. f3 h5 16. gxh5 Nxh5 17. g4 Nf4 18. Bxf4 gxf4 19. Kf2 Qc7 20. Ke2 Qb6 21. Qd3 exd4 22. a5 Qc5 23. Na4 Qb5 24. b3 Qe5 25. Rad1 Qxa5 26. Qxd4 Qe5 27. Qxe5 dxe5 28. Nb2 b5 29. Nd3 f6 30. Ra1 Kf7 31. Ra6 Rgc8 32. Rfa1 Rc7 33. c3 Ke8 34. b4 Kd7 35. Kd2 Kc8 36. Kc2 Kb7 37. R6a2 Rcc8 38. Rh1 Rh8 39. Raa1 Kb6 40. Kb3 a6 41. Kc2 Rad8 42. Rh5 a5 43. bxa5+ Ka7 44. a6 c5 45. Rah1 Rhe8 46. Rh7 Kxa6 47. Ra1+ Kb6 48. Rb1 Kc6 49. Rf7 Ra8 50. Rh7 Ra2+ 51. Rb2 Rxb2+ 52. Kxb2 c4 53. Nb4+ Bxb4 54. cxb4 Rd8 55. Rf7 Rd6 56. g5 fxg5 57. Rf5 Rd3 58. Rxe5 Rxf3 59. Rc5+ Kb6 60. Rxg5 Rb3+ 61. Kc2 Rxb4 62. Rf5 Rb3 63. Rxf4 Re3 64. Kd2 Rd3+ 65. Ke2 b4 66. e5 Kb5 67. e6 Rd8 68. e7 Re8 69. Re4 b3 70. Kd2 Kb4 71. Kc1 Kc3 72. Re3+ Kd4 73. Kd2 b2 74. Re1 Rxe7 75. Rxe7 b1Q 76. Rd7+ Kc5 77. Rc7+ Kd5 78. Rd7+ Kc6 79. Rd4 Qb2+ 80. Ke3 Qc3+ 81. Ke4 Kc5 82. Rd5+ Kb4 83. Rd8 Qe1+ 84. Kf3 Qf1+ 85. Ke3 Qg1+ 86. Ke2 Qg2+ 87. Kd1 Kc3 88. Rd6 Qf1# 0-1

[Event "Speed Chess Q2 Sw"]
[Site "Chess.com INT"]
[Date "2023.08.23"]
[Round "4"]
[White "Orlov, Oleg"]
[Black "Kuzhilniy, Oleksandr"]
[Result "0-1"]
[WhiteElo "2254"]
[BlackElo "2268"]
[PlyCount "108"]
[EventDate "2023.08.23"]
[EventType "swiss (blitz)"]
[EventRounds "14"]
[EventCountry "USA"]
[SourceTitle "CBM 215 Extra"]
[Source "ChessBase"]
[SourceDate "2023.09.30"]
[SourceVersion "1"]
[SourceVersionDate "2023.09.30"]
[SourceQuality "1"]

1. e4 c6 2. d4 d5 3. Nc3 g6 4. e5 h5 5. Bd3 Nh6 6. Nce2 Bf5 7. Nf3 e6 8. Bg5 Be7 9. Bxe7 Qxe7 10. 0-0 Nd7 11. c4 Bxd3 12. Qxd3 dxc4 13. Qxc4 Nb6 14. Qc2 Nf5 15. Nc3 0-0-0 16. Rfd1 g5 17. d5 g4 18. d6 Qf8 19. Nd4 Nxd4 20. Rxd4 f6 21. Rf4 Nd7 22. Re1 Qh6 23. Ra4 Kb8 24. exf6 Qxf6 25. Ne4 Qf5 26. Re3 Nb6 27. Rd4 Nd5 28. Re1 Rxd6 29. Qc5 Rd7 30. Nd6 Qf6 31. Rde4 Rhd8 32. Rxe6 Qf8 33. Re8 Qxd6 34. Qa5 b6 35. Qa4 Nc7 36. Rxd8+ Rxd8 37. g3 c5 38. Qe4 Qd5 39. Qg6 Kb7 40. b3 Rd6 41. Qh7 Re6 42. Rf1 Qe4 43. Qg8 Re7 44. Qh8 Qe5 45. Qh6 Ne6 46. a4 Nd4 47. a5 Ne2+ 48. Kg2 Qd5+ 49. f3 gxf3+ 50. Kf2 Nd4 51. Re1 Rxe1 52. Kxe1 Qe6+ 53. Kd1 Qxh6 54. a6+ Kxa6 0-1

[Event "Speed Chess Q2 Sw"]
[Site "Chess.com INT"]
[Date "2023.08.23"]
[Round "11"]
[White "Yakubboev, Nodirbek"]
[Black "Orlov, Oleg"]
[Result "1-0"]
[WhiteElo "2630"]
[BlackElo "2254"]
[PlyCount "93"]
[EventDate "2023.08.23"]
[EventType "swiss (blitz)"]
[EventRounds "14"]
[EventCountry "USA"]
[SourceTitle "CBM 215 Extra"]
[Source "ChessBase"]
[SourceDate "2023.09.30"]
[SourceVersion "1"]
[SourceVersionDate "2023.09.30"]
[SourceQuality "1"]

1. e4 e5 2. Nf3 Nc6 3. Bb5 a6 4. Ba4 Nf6 5. 0-0 Be7 6. d3 b5 7. Bb3 0-0 8. a4 Rb8 9. axb5 axb5 10. Nc3 d6 11. Qe2 Bg4 12. Be3 Qd7 13. h3 Bh5 14. Nd5 Nxd5 15. Bxd5 Nd8 16. Nxe5 Bxe2 17. Nxd7 Bxf1 18. Nxb8 Be2 19. Nd7 Re8 20. f3 c6 21. Bb3 Bh4 22. Bf2 Bg5 23. Re1 Bxf3 24. gxf3 Ne6 25. Bxe6 fxe6 26. Ra1 Re7 27. Ra8+ Kf7 28. Rf8+ Kg6 29. f4 Bh6 30. Nb8 Rc7 31. b4 Kh5 32. e5 d5 33. Na6 Re7 34. Nc5 g5 35. Rf6 gxf4 36. Nxe6 Re8 37. Nxf4+ Bxf4 38. Rxf4 Rxe5 39. Rf6 Rg5+ 40. Kh2 Re5 41. Rxc6 Re2 42. Kg3 h6 43. Kf3 Re5 44. Be3 Rf5+ 45. Kg3 Rf6 46. Rxf6 d4 47. Rxh6# 1-0

[Event "Titled Tuesday intern op 25th Jul Early"]
[Site "Chess.com INT"]
[Date "2023.07.25"]
[Round "8"]
[White "Orlov, Oleg"]
[Black "Barwinska, Ewa"]
[Result "0-1"]
[WhiteElo "2254"]
[BlackElo "2029"]
[PlyCount "40"]
[EventDate "2023.07.25"]
[EventType "swiss (blitz)"]
[EventRounds "11"]
[EventCountry "USA"]
[SourceTitle "EXT 2024"]
[Source "ChessBase"]
[SourceDate "2023.10.10"]
[SourceVersion "1"]
[SourceVersionDate "2023.10.10"]
[SourceQuality "1"]

1. e4 c5 2. Nf3 Nc6 3. Bb5 g6 4. c3 Bg7 5. 0-0 e5 6. d4 cxd4 7. cxd4 Nxd4 8. Nxd4 exd4 9. Nd2 Ne7 10. Nc4 0-0 11. Nd6 Qb6 12. Bf4 Nc6 13. Bg3 a6 14. Bd3 Ne5 15. Bxe5 Bxe5 16. Nc4 Qe6 17. f4 Bg7 18. f5 Qe7 19. f6 Bxf6 20. Nb6 Be5 0-1

[Event "Titled Tuesday intern op 25th May"]
[Site "Chess.com INT"]
[Date "2021.05.25"]
[Round "8"]
[White "Orlov, Oleg"]
[Black "Krivonosov, Oleg"]
[Result "1/2-1/2"]
[WhiteElo "2254"]
[BlackElo "2371"]
[PlyCount "71"]
[EventDate "2021.05.25"]
[EventType "swiss (blitz)"]
[EventRounds "11"]
[EventCountry "USA"]
[SourceTitle "CBM 203 Extra"]
[Source "ChessBase"]
[SourceDate "2021.09.30"]
[SourceVersion "1"]
[SourceVersionDate "2021.09.30"]
[SourceQuality "1"]

1. Nf3 d5 2. c4 e6 3. g3 Nf6 4. Bg2 Be7 5. d4 0-0 6. 0-0 Nbd7 7. Qc2 c6 8. Rd1 b6 9. Nbd2 Bb7 10. e4 dxc4 11. Nxc4 c5 12. Nfe5 cxd4 13. Rxd4 Qc7 14. Bf4 Nxe5 15. Bxe5 Qc6 16. a4 Rad8 17. Rad1 Rxd4 18. Rxd4 Bc5 19. Bxf6 gxf6 20. Rd2 Bb4 21. Re2 Rd8 22. h3 Qc5 23. Kh2 Ba6 24. b3 Bxc4 25. bxc4 Qd4 26. e5 f5 27. Qc1 Bd2 28. Qa3 Bh6 29. Qe7 Qd7 30. Qf6 Bg7 31. Qg5 h6 32. Qh4 Qd4 33. Qe7 Qd7 34. Qh4 Qd4 35. Qe7 Qd7 36. Qh4 1/2-1/2

[Event "Titled Tuesday intern op 25th May"]
[Site "Chess.com INT"]
[Date "2021.05.25"]
[Round "11"]
[White "Orlov, Oleg"]
[Black "Lamaze, Simon"]
[Result "0-1"]
[WhiteElo "2254"]
[BlackElo "2203"]
[PlyCount "92"]
[EventDate "2021.05.25"]
[EventType "swiss (blitz)"]
[EventRounds "11"]
[EventCountry "USA"]
[SourceTitle "CBM 203 Extra"]
[Source "ChessBase"]
[SourceDate "2021.09.30"]
[SourceVersion "1"]
[SourceVersionDate "2021.09.30"]
[SourceQuality "1"]

1. Nf3 c6 2. d4 g6 3. g3 Na6 4. Bg2 Nc7 5. e4 Bg7 6. h4 d5 7. e5 h5 8. Nbd2 Nh6 9. Nf1 Ng4 10. Ng1 Bf5 11. f3 Nh6 12. Ne3 Be6 13. g4 hxg4 14. fxg4 Qd7 15. Bh3 c5 16. c3 cxd4 17. cxd4 Rc8 18. Rh2 Nb5 19. a4 Nc7 20. Rc2 0-0 21. Ra3 Na6 22. Rac3 Nb4 23. Rxc8 Rxc8 24. Rc3 a5 25. Kf2 Rf8 26. Kg2 Nc6 27. Rd3 f6 28. exf6 exf6 29. Bd2 f5 30. g5 Ng4 31. Nf3 f4 32. Nxg4 Bxg4 33. Qh1 Qf5 34. Bxg4 Qxd3 35. h5 Qe2+ 36. Kh3 gxh5 37. Bxh5 Nxd4 38. Bxa5 Nxf3 39. Bxf3 Qe6+ 40. Bg4 Qe3+ 41. Kh4 Kf7 42. Qxd5+ Kg6 43. Bh5+ Kh7 44. g6+ Kh8 45. Qg5 Bf6 46. Bc3 Qg3# 0-1

[Event "Titled Tuesday intern op 25th May"]
[Site "Chess.com INT"]
[Date "2021.05.25"]
[Round "3"]
[White "Orlov, Oleg"]
[Black "Petrova, Irina"]
[Result "1-0"]
[WhiteElo "2254"]
[BlackElo "2110"]
[PlyCount "57"]
[EventDate "2021.05.25"]
[EventType "swiss (blitz)"]
[EventRounds "11"]
[EventCountry "USA"]
[SourceTitle "CBM 203 Extra"]
[Source "ChessBase"]
[SourceDate "2021.09.30"]
[SourceVersion "1"]
[SourceVersionDate "2021.09.30"]
[SourceQuality "1"]

1. Nf3 d6 2. c4 e5 3. Nc3 Nc6 4. g3 f5 5. Bg2 Nf6 6. d4 e4 7. Ng5 Be7 8. 0-0 0-0 9. f3 exf3 10. Bxf3 Ng4 11. Bd5+ Kh8 12. Nf7+ Rxf7 13. Bxf7 Bf6 14. d5 Nce5 15. Be6 Bxe6 16. dxe6 Qe7 17. Nd5 Qxe6 18. Nxc7 Qxc4 19. Nxa8 Qc5+ 20. Kg2 Qc6+ 21. Rf3 Nxf3 22. exf3 Ne5 23. Bf4 b6 24. Bxe5 Bxe5 25. Rc1 Qxa8 26. Rc7 h6 27. Qc2 Kh7 28. Qxf5+ Kg8 29. Rc8+ 1-0

[Event "Titled Tuesday intern op 25th May"]
[Site "Chess.com INT"]
[Date "2021.05.25"]
[Round "10"]
[White "Przybylski, Wojciech"]
[Black "Orlov, Oleg"]
[Result "0-1"]
[WhiteElo "2321"]
[BlackElo "2254"]
[PlyCount "126"]
[EventDate "2021.05.25"]
[EventType "swiss (blitz)"]
[EventRounds "11"]
[EventCountry "USA"]
[SourceTitle "CBM 203 Extra"]
[Source "ChessBase"]
[SourceDate "2021.09.30"]
[SourceVersion "1"]
[SourceVersionDate "2021.09.30"]
[SourceQuality "1"]

1. e4 c5 2. Nf3 e6 3. c4 Nc6 4. Nc3 g5 5. d3 g4 6. Nd2 h5 7. Be2 Bg7 8. Nf1 Nge7 9. h3 f5 10. exf5 exf5 11. Bg5 Qa5 12. Qd2 d6 13. 0-0-0 Be6 14. Kb1 0-0-0 15. Nd5 Qxd2 16. Rxd2 Rde8 17. Nf4 Bf7 18. Ne3 Nd4 19. Bd1 Nec6 20. Ba4 a6 21. Nfd5 b5 22. Bd1 Kb7 23. a3 Bg6 24. Ka2 Ref8 25. Ne7 Be8 26. N3d5 Ne5 27. hxg4 fxg4 28. Be3 bxc4 29. dxc4 Nxc4 30. Rd3 Bf7 31. Bb3 Nxe3 32. fxe3 Nc6 33. Nf5 Be5 34. Nh4 Na5 35. e4 c4 36. Bxc4 Nxc4 37. Rb3+ Ka7 38. Rc1 Bxd5 39. exd5 Rc8 40. Ng6 Rhe8 41. Rb4 Nb6 42. Rxc8 Rxc8 43. Ne7 Rc2 44. Nc6+ Kb7 45. Na5+ Kc7 46. Nc6 Nxd5 47. Rb3 Kxc6 48. a4 Nc3+ 49. Ka3 Nb1+ 50. Kb4 Bd4 51. Rd3 Bc5+ 52. Kb3 Rxg2 53. a5 Nd2+ 54. Ka2 Ne4 55. Rd1 Nc3+ 56. Kb3 Nxd1 57. Ka4 Nxb2+ 58. Kb3 h4 59. Ka2 h3 60. Kb3 h2 61. Ka2 h1Q 62. Kb3 Qd1+ 63. Ka2 Na4# 0-1

[Event "Titled Tuesday intern op 25th May"]
[Site "Chess.com INT"]
[Date "2021.05.25"]
[Round "7"]
[White "Shkapenko, Pavel"]
[Black "Orlov, Oleg"]
[Result "1/2-1/2"]
[WhiteElo "2424"]
[BlackElo "2254"]
[PlyCount "67"]
[EventDate "2021.05.25"]
[EventType "swiss (blitz)"]
[EventRounds "11"]
[EventCountry "USA"]
[SourceTitle "CBM 203 Extra"]
[Source "ChessBase"]
[SourceDate "2021.09.30"]
[SourceVersion "1"]
[SourceVersionDate "2021.09.30"]
[SourceQuality "1"]

1. e4 c5 2. c3 d5 3. exd5 Qxd5 4. Nf3 Nf6 5. d4 e6 6. Be2 Be7 7. 0-0 0-0 8. c4 Qd7 9. dxc5 Bxc5 10. Nc3 Nc6 11. a3 a5 12. Bf4 Rd8 13. Qc2 Nd4 14. Nxd4 Bxd4 15. Rad1 e5 16. Bxe5 Bxe5 17. Rxd7 Bxd7 18. Bf3 Rac8 19. Nd5 Re8 20. Nxf6+ Bxf6 21. Bd5 a4 22. b4 axb3 23. Qxb3 Rc7 24. a4 Bc8 25. a5 Rce7 26. Qb4 Bd4 27. c5 Bf6 28. c6 bxc6 29. Bxc6 Rd8 30. Qb6 Re6 31. a6 Bd7 32. Qxd8+ Bxd8 33. Bxd7 Rxa6 34. g3 1/2-1/2

[Event "St Petersburg Amir Cup Blitz"]
[Site "St Petersburg"]
[Date "2021.05.23"]
[Round "2"]
[White "Orlov, Oleg"]
[Black "Kiseleva, Arina"]
[Result "1-0"]
[WhiteElo "2254"]
[BlackElo "1970"]
[PlyCount "67"]
[EventDate "2021.05.23"]
[EventType "swiss (blitz)"]
[EventRounds "11"]
[EventCountry "RUS"]
[SourceTitle "CBM 202 Extra"]
[Source "ChessBase"]
[SourceDate "2021.07.31"]
[SourceVersion "1"]
[SourceVersionDate "2021.07.31"]
[SourceQuality "1"]

1. Nf3 Nf6 2. c4 e6 3. g3 d5 4. Bg2 dxc4 5. Qa4+ c6 6. Qxc4 b5 7. Qc2 Bb7 8. a4 b4 9. Ne5 Qb6 10. a5 Qb5 11. d4 c5 12. Bxb7 Qxb7 13. 0-0 Nbd7 14. a6 Qb5 15. Nc4 cxd4 16. Ra5 Qb8 17. Bf4 Qd8 18. Qa4 Nd5 19. Nd6+ Bxd6 20. Bxd6 Qb6 21. Be5 f6 22. Rb5 Qd8 23. Bd6 N7b6 24. Rxb6+ Kf7 25. Rb7+ Kg6 26. Qd7 Qxd7 27. Rxd7 Rhg8 28. Nd2 Rac8 29. Nf3 e5 30. Bxe5 fxe5 31. Rxd5 e4 32. Nxd4 Rc4 33. b3 Rc3 34. e3 1-0

[Event "St Petersburg Amir Cup Blitz"]
[Site "St Petersburg"]
[Date "2021.05.23"]
[Round "9"]
[White "Pershin, Denis"]
[Black "Orlov, Oleg"]
[Result "0-1"]
[WhiteElo "2391"]
[BlackElo "2254"]
[PlyCount "94"]
[EventDate "2021.05.23"]
[EventType "swiss (blitz)"]
[EventRounds "11"]
[EventCountry "RUS"]
[SourceTitle "CBM 202 Extra"]
[Source "ChessBase"]
[SourceDate "2021.07.31"]
[SourceVersion "1"]
[SourceVersionDate "2021.07.31"]
[SourceQuality "1"]

1. d4 Nf6 2. Nc3 g6 3. e4 d6 4. f4 Bg7 5. Nf3 0-0 6. Bd3 Nc6 7. e5 dxe5 8. fxe5 Nh5 9. Be3 f6 10. exf6 Nxf6 11. Bc4+ Kh8 12. h3 Na5 13. Bd3 Nd5 14. Nxd5 Qxd5 15. Qe2 Bf5 16. 0-0 Bxd3 17. Qxd3 Nc4 18. b3 Nxe3 19. Qxe3 c5 20. c3 cxd4 21. cxd4 Rxf3 22. Qxf3 Bxd4+ 23. Kh1 Qxf3 24. gxf3 Bxa1 25. Rxa1 Rd8 26. Kg2 Rd2+ 27. Kg3 Kg7 28. Rc1 Rd7 29. Rc8 b6 30. Kf4 Kf7 31. Rh8 Rd4+ 32. Kg3 Kg7 33. Re8 Rd7 34. Kf4 Kf7 35. Rh8 Rd4+ 36. Kg3 h5 37. Ra8 h4+ 38. Kf2 Rd2+ 39. Ke3 Rxa2 40. Kf4 Ra3 41. Kg4 a5 42. b4 Ra4 43. Kxh4 Rxb4+ 44. Kg5 a4 45. f4 Rb5+ 46. Kg4 Ra5 47. Rb8 b5 0-1

[Event "Titled Tuesday intern op 11th May"]
[Site "Chess.com INT"]
[Date "2021.05.11"]
[Round "8"]
[White "Hoffmann, Asa"]
[Black "Orlov, Oleg"]
[Result "0-1"]
[WhiteElo "2185"]
[BlackElo "2254"]
[PlyCount "62"]
[EventDate "2021.05.11"]
[EventType "swiss (blitz)"]
[EventRounds "11"]
[EventCountry "USA"]
[SourceTitle "CBM 202 Extra"]
[Source "ChessBase"]
[SourceDate "2021.07.31"]
[SourceVersion "1"]
[SourceVersionDate "2021.07.31"]
[SourceQuality "1"]

1. d4 Nf6 2. Bg5 c5 3. d5 Ne4 4. Bc1 f5 5. f3 Nf6 6. Nc3 g6 7. e4 d6 8. Bd3 Bg7 9. exf5 gxf5 10. Nh3 Na6 11. Qe2 Nc7 12. Bc4 b5 13. Nxb5 Ncxd5 14. Nc3 Nxc3 15. bxc3 d5 16. Bb5+ Bd7 17. Bxd7+ Qxd7 18. Nf4 Ne4 19. fxe4 Bxc3+ 20. Kf1 Bxa1 21. Qh5+ Kd8 22. exd5 Qb5+ 23. Kf2 Bd4+ 24. Kf3 Rf8 25. Ne6+ Kd7 26. Nxf8+ Rxf8 27. Re1 Qc4 28. Bf4 Qxd5+ 29. Kg3 Rg8+ 30. Kh4 Rg4+ 31. Qxg4 fxg4 0-1